Thesis Open Access

THE EFFECT OF CHANGE MANAGEMENT ON EMPLOYEE PERFORMANCE IN HIGHER EDUCATIONAL INSTITUTIONS IN CASE OF WERABE UNIVERSITY

ABDULKADIR MOHAMMED


MARC21 XML Export

<?xml version='1.0' encoding='UTF-8'?>
<record xmlns="http://www.loc.gov/MARC21/slim">
  <leader>00000nam##2200000uu#4500</leader>
  <datafield tag="653" ind1=" " ind2=" ">
    <subfield code="a">Change, Change management, change management dimensions. Employee performance</subfield>
  </datafield>
  <datafield tag="502" ind1=" " ind2=" ">
    <subfield code="c">Werabe University</subfield>
  </datafield>
  <controlfield tag="005">20250722094957.0</controlfield>
  <controlfield tag="001">11495</controlfield>
  <datafield tag="700" ind1=" " ind2=" ">
    <subfield code="4">ths</subfield>
    <subfield code="a">ENDALEW ADAMU (Assistant Professor)</subfield>
  </datafield>
  <datafield tag="856" ind1="4" ind2=" ">
    <subfield code="s">1323715</subfield>
    <subfield code="z">md5:d1d47071345f8bbe51cabf0910136503</subfield>
    <subfield code="u">https://zenodo.org/record/11495/files/ABDULKADIR MOHAMMED FINAL MBA THESIS .pdf</subfield>
  </datafield>
  <datafield tag="542" ind1=" " ind2=" ">
    <subfield code="l">open</subfield>
  </datafield>
  <datafield tag="260" ind1=" " ind2=" ">
    <subfield code="c">2023-12-21</subfield>
  </datafield>
  <datafield tag="909" ind1="C" ind2="O">
    <subfield code="p">user-wru</subfield>
    <subfield code="o">oai:zenodo.org:11495</subfield>
  </datafield>
  <datafield tag="100" ind1=" " ind2=" ">
    <subfield code="a">ABDULKADIR MOHAMMED</subfield>
  </datafield>
  <datafield tag="245" ind1=" " ind2=" ">
    <subfield code="a">THE EFFECT OF CHANGE MANAGEMENT ON EMPLOYEE PERFORMANCE IN HIGHER EDUCATIONAL INSTITUTIONS IN CASE OF WERABE UNIVERSITY</subfield>
  </datafield>
  <datafield tag="980" ind1=" " ind2=" ">
    <subfield code="a">user-wru</subfield>
  </datafield>
  <datafield tag="540" ind1=" " ind2=" ">
    <subfield code="u">http://www.opendefinition.org/licenses/cc-by</subfield>
    <subfield code="a">Creative Commons Attribution</subfield>
  </datafield>
  <datafield tag="650" ind1="1" ind2="7">
    <subfield code="a">cc-by</subfield>
    <subfield code="2">opendefinition.org</subfield>
  </datafield>
  <datafield tag="520" ind1=" " ind2=" ">
    <subfield code="a">&lt;p&gt;Abstract&lt;/p&gt;

&lt;p&gt;The purpose of this study was to examine the effect of change management on employees&amp;rsquo; performance in higher educational institutions of Ethiopia in case of Werabe University. The study reviewed relevant literature with the aim of establishing a gap which the research fulfilled. The researcher used descriptive research and exploratory design with quantitative research approach in order to meet the objective of the study. The target population for this study was employees of Werabe University. To select sample respondents, stratified random sampling technique was employed and 288 respondents were selected using stratified random sampling Technique. Methods of collecting data were structured and semi structured questionnaires. 234 questionnaires were used for this study .The data were entered in SPSS version21 and analyzed by using descriptive and inferential statistics. Pearson Correlation analysis shows that there was statistically significant positive relationship between the four independent variables at the .000 level (2-tailed) had positive and statistical significant correlation relationship with dependent variables in case institution. The multiple linear regression of the study indicated that all change management dimensions had statistically significant on employees&amp;rsquo; performance in werabe University and Employees performance was explained by 89.6% with all the independent variables. Independent variables are significant impact on dependent variable.&lt;/p&gt;</subfield>
  </datafield>
  <datafield tag="773" ind1=" " ind2=" ">
    <subfield code="n">doi</subfield>
    <subfield code="i">isVersionOf</subfield>
    <subfield code="a">10.20372/nadre:11494</subfield>
  </datafield>
  <datafield tag="024" ind1=" " ind2=" ">
    <subfield code="a">10.20372/nadre:11495</subfield>
    <subfield code="2">doi</subfield>
  </datafield>
  <datafield tag="980" ind1=" " ind2=" ">
    <subfield code="a">publication</subfield>
    <subfield code="b">thesis</subfield>
  </datafield>
</record>
0
0
views
downloads
All versions This version
Views 00
Downloads 00
Data volume 0 Bytes0 Bytes
Unique views 00
Unique downloads 00

Share

Cite as